Lavery (VO) v Leeds CC (Record no. 71886)

MARC details
000 -LEADER
fixed length control field 00966cam a2200193 4500
008 - FIXED-LENGTH DATA ELEMENTS--GENERAL INFORMATION
fixed length control field 030107n2002 000 0 eng u
035 ## - SYSTEM CONTROL NUMBER
System control number (Sirsi) u120933
245 ## - TITLE STATEMENT
Title Lavery (VO) v Leeds CC
260 ## - PUBLICATION, DISTRIBUTION, ETC.
Date of publication, distribution, etc. 2002
490 ## - SERIES STATEMENT
Series statement Rating Appeals
Volume/sequential designation {2002] RA 165-188(13)
520 ## - SUMMARY, ETC.
Summary, etc. LT 8 October 2002. Valuation Officer L appealed against a valuation tribunals assessment of the rateable value of Leeds District Magistrates Court at £657 000. LT accepted L's contractors basis valuation . Rateable value should be £792 500. Appeal allowed. Full copy of decision is available on Lands Tribunal website http://www.courtservice.gov.uk/tribunals/lands/decisions/dec-ra-403-95.htm
650 ## - SUBJECT ADDED ENTRY--TOPICAL TERM
Topical term or geographic name entry element LAVERY V LEEDS CC
650 ## - SUBJECT ADDED ENTRY--TOPICAL TERM
Topical term or geographic name entry element MAGISTRATES COURT
650 ## - SUBJECT ADDED ENTRY--TOPICAL TERM
Topical term or geographic name entry element RATEABLE VALUE
650 ## - SUBJECT ADDED ENTRY--TOPICAL TERM
Topical term or geographic name entry element CONTRACTORS BASIS
690 ## - LOCAL SUBJECT ADDED ENTRY--TOPICAL TERM (OCLC, RLIN)
Topical term or geographic name as entry element RATING AND LOCAL TAXATION-CASE LAW
856 ## - ELECTRONIC LOCATION AND ACCESS
Uniform Resource Identifier <a href="https://www.courtservice.gov.uk/tribunals/lands/decisions/dec-ra-403-95.htm">https://www.courtservice.gov.uk/tribunals/lands/decisions/dec-ra-403-95.htm</a>
942 ## - ADDED ENTRY ELEMENTS (KOHA)
Suppress in OPAC 0
Holdings
Withdrawn status Lost status Source of classification or shelving scheme Damaged status Not for loan Home library Current library Shelving location Date acquired Total Checkouts Full call number Barcode Date last seen Copy number Price effective from Koha item type
    Dewey Decimal Classification     London London Journals 07/01/2003   X120933 120933-1001 06/08/2019 1 06/08/2019 Law report